| 000 | 00624nam a22002177a 4500 | ||
|---|---|---|---|
| 003 | BUBTL | ||
| 008 | 200902b xxu||||| |||| 00| 0 eng d | ||
| 020 | _a0-058340-4 | ||
| 082 | _a658.15/KHF | ||
| 100 |
_aKhan, M Y _9139 |
||
| 245 |
_aFinancial Management _bM Y Khan and P K Jain |
||
| 250 | _a4th | ||
| 260 |
_aNew Delhi _bTata McGraw Hill Publishing Company Limited _cc2004 |
||
| 300 |
_a[xxi] , 37.17p . : _bill . ; 21cm. |
||
| 500 | _aIncludes Index | ||
| 650 |
_aFinance _93415 |
||
| 700 |
_aM Y Khan and P K Jain _93416 |
||
| 856 |
_k0 _l0 _yDownload |
||
| 942 |
_2ddc _cBK |
||
| 999 |
_c6350 _d6350 |
||